[Event "POR-ch prel"]
[Site "Matosinhos"]
[Date "2012.08.10"]
[Round "7.7"]
[White "Mateus, Francisco"]
[Black "Gomes, Miguel"]
[Result "0-1"]
[WhiteElo "2060"]
[BlackElo "2027"]
[PlyCount "48"]
[EventDate "2012.08.04"]
[EventType "swiss"]
[EventRounds "9"]
[EventCountry "POR"]
[SourceTitle "EXT 2015"]
[Source "ChessBase"]
[SourceDate "2014.11.20"]
[SourceVersion "1"]
[SourceVersionDate "2014.11.20"]
[SourceQuality "1"]

1. e4 c6 2. d4 d5 3. e5 Bf5 4. Be2 e6 5. Nf3 c5 6. c3 Nc6 7. 0-0 Be7 8. Nbd2 Qc7 9. Re1 f6 10. Nf1 cxd4 11. cxd4 fxe5 12. dxe5 Qb6 13. Ng3 Bc5 14. Rf1 Nge7 15. Qa4 0-0 16. Nxf5 Rxf5 17. Bd3 Rxf3 18. gxf3 Nxe5 19. Be2 Rf8 20. Bf4 Qxb2 21. Rac1 Qxe2 22. Bxe5 Qxe5 23. Rxc5 Nc6 24. Qg4 Nd4 0-1

[Event "POR-chT2 final"]
[Site "Matosinhos"]
[Date "2012.07.28"]
[Round "3.1"]
[White "Santos, Julio Fernandes"]
[Black "Mateus, Francisco"]
[Result "0-1"]
[WhiteElo "2035"]
[BlackElo "2089"]
[PlyCount "102"]
[EventDate "2012.07.27"]
[EventType "team-tourn"]
[EventRounds "3"]
[EventCountry "POR"]
[SourceTitle "EXT 2015"]
[Source "ChessBase"]
[SourceDate "2014.11.20"]
[SourceVersion "1"]
[SourceVersionDate "2014.11.20"]
[SourceQuality "1"]
[WhiteTeam "EDP"]
[BlackTeam "Profigaia"]
[WhiteTeamCountry "POR"]
[BlackTeamCountry "POR"]

1. e4 c5 2. Nf3 g6 3. d4 cxd4 4. Nxd4 Bg7 5. c4 Nc6 6. Nb3 Nf6 7. Nc3 0-0 8. Be2 d6 9. 0-0 Bd7 10. c5 dxc5 11. Nxc5 b6 12. Nxd7 Nxd7 13. Bb5 Nd4 14. Bxd7 Qxd7 15. Be3 Rfd8 16. Rc1 Rac8 17. Qe1 Qg4 18. f3 Qh5 19. Qf2 e6 20. Rfd1 Nc6 21. Qf1 Be5 22. h3 Qh4 23. f4 Qg3 24. Qf2 Qxf2+ 25. Kxf2 Bxc3 26. Rxd8+ Nxd8 27. Ke2 Rc6 28. bxc3 Nb7 29. Bd4 Nd6 30. e5 Nf5 31. Bf2 Rc4 32. g4 Ne7 33. Bd4 Nd5 34. Kd3 Ra4 35. Ke4 Rxa2 36. c4 Ne7 37. c5 bxc5 38. Rxc5 Nd5 39. Rc8+ Kg7 40. g5 Ra4 41. Ra8 a5 42. h4 Nxf4 43. Ke3 Nd5+ 44. Kd3 h6 45. Bc5 Rxh4 46. Bf8+ Kh7 47. Bxh6 a4 48. Ra7 Rf4 49. Kd2 Nb6 50. Rb7 Nc4+ 51. Kc2 Nxe5 0-1

[Event "World ol U16 09th"]
[Site "Burdur"]
[Date "2010.12.02"]
[Round "7"]
[White "Mateus, Francisco"]
[Black "Burcu, Cagatay"]
[Result "1-0"]
[WhiteElo "2069"]
[BlackElo "1881"]
[PlyCount "115"]
[EventDate "2010.11.27"]
[EventType "team-swiss"]
[EventRounds "10"]
[EventCountry "TUR"]
[SourceTitle "CBM 139 Extra"]
[Source "ChessBase"]
[SourceDate "2011.01.05"]
[SourceVersion "1"]
[SourceVersionDate "2011.01.05"]
[SourceQuality "1"]
[WhiteTeam "Portugal"]
[BlackTeam "Turkey Turquaz"]
[WhiteTeamCountry "POR"]
[BlackTeamCountry "TUR"]

1. e4 e6 2. c4 c5 3. Nc3 Nc6 4. Nf3 Nd4 5. d3 g6 6. g3 Bg7 7. Bg2 Ne7 8. Be3 Nec6 9. Qd2 a6 10. 0-0 Rb8 11. Bh6 0-0 12. Bxg7 Kxg7 13. Nh4 b5 14. f4 Qb6 15. f5 f6 16. b3 bxc4 17. dxc4 Ne5 18. Rae1 Qd6 19. Kh1 Bb7 20. Ne2 g5 21. Nf3 Nexf3 22. Rxf3 e5 23. Nxd4 cxd4 24. Bf1 Qb6 25. Bd3 a5 26. Rb1 Qb4 27. Qg2 Bc6 28. Rf2 Qc3 29. Qf3 a4 30. Rc2 Qa5 31. h4 axb3 32. axb3 Qd8 33. hxg5 fxg5 34. Rh2 Qf6 35. g4 Rb4 36. Kg2 h6 37. Rbh1 Rh8 38. Bc2 Rbb8 39. Kg3 Kf7 40. Rb1 Qd6 41. Qh1 Qb4 42. Rd1 Qd6 43. f6 Kg6 44. Rf2 Rbf8 45. Qh5+ Kh7 46. Rdf1 Rhg8 47. Rf5 d3 48. Rh1 Rxf6 49. Rxf6 Qxf6 50. Bd1 Qf4+ 51. Kh3 Qe3+ 52. Kh2 Qf2+ 53. Kh3 Bxe4 54. Qf7+ Rg7 55. Qxf2 Bxh1 56. Qf5+ Kg8 57. Qxd3 Bc6 58. Bf3 1-0

[Event "World ol U16 09th"]
[Site "Burdur"]
[Date "2010.11.30"]
[Round "6"]
[White "Tilicheev, Viacheslav"]
[Black "Mateus, Francisco"]
[Result "1-0"]
[WhiteElo "2360"]
[BlackElo "2069"]
[PlyCount "81"]
[EventDate "2010.11.27"]
[EventType "team-swiss"]
[EventRounds "10"]
[EventCountry "TUR"]
[SourceTitle "CBM 139 Extra"]
[Source "ChessBase"]
[SourceDate "2011.01.05"]
[SourceVersion "1"]
[SourceVersionDate "2011.01.05"]
[SourceQuality "1"]
[WhiteTeam "Russia"]
[BlackTeam "Portugal"]
[WhiteTeamCountry "RUS"]
[BlackTeamCountry "POR"]

1. d4 Nf6 2. c4 g6 3. Nc3 Bg7 4. e4 d6 5. Nf3 0-0 6. Be2 Nbd7 7. 0-0 e5 8. Be3 Re8 9. dxe5 dxe5 10. Qc2 c6 11. b4 Qe7 12. c5 Nh5 13. g3 Nf8 14. Nd2 Ne6 15. Bxh5 gxh5 16. Nc4 Nd4 17. Qd1 Bh3 18. Nd6 Red8 19. Qxh5 Bxf1 20. Rxf1 Rxd6 21. cxd6 Qxd6 22. b5 Qa3 23. Rc1 cxb5 24. Nd5 Qxa2 25. Qg4 f5 26. Ne7+ Kh8 27. Nxf5 Nxf5 28. Qxf5 Rf8 29. Rc8 Qg8 30. Rxf8 Qxf8 31. Qd7 h6 32. Qxb7 a5 33. Qxb5 Qb4 34. Qxb4 axb4 35. Kf1 Bf8 36. Ke2 Kg7 37. Kd3 Kf7 38. Kc4 Ke6 39. Bd2 b3 40. Kxb3 Bc5 41. Be3 1-0

[Event "POR-ch sf"]
[Site "Amadora"]
[Date "2009.09.08"]
[Round "5"]
[White "Aguiar, Carlos Alberto Bran"]
[Black "Mateus, Francisco"]
[Result "0-1"]
[WhiteElo "1902"]
[BlackElo "2014"]
[PlyCount "68"]
[EventDate "2009.09.05"]
[EventType "swiss"]
[EventRounds "9"]
[EventCountry "POR"]
[SourceTitle "EXT 2015"]
[Source "ChessBase"]
[SourceDate "2014.11.20"]
[SourceVersion "1"]
[SourceVersionDate "2014.11.20"]
[SourceQuality "1"]

1. c4 e5 2. Nc3 Nf6 3. d3 Nc6 4. g3 g6 5. Bg2 Bg7 6. Bg5 h6 7. Bd2 0-0 8. Nf3 d6 9. 0-0 Be6 10. Rb1 a5 11. a3 Qd7 12. Re1 Bh3 13. Bh1 Ng4 14. Nd5 f5 15. Bg2 Bxg2 16. Kxg2 e4 17. Ng1 g5 18. dxe4 fxe4 19. f4 exf3+ 20. exf3 Nge5 21. Re4 Rf7 22. Qe2 Raf8 23. Rf1 Ng6 24. Bc3 Bxc3 25. Nxc3 Nce5 26. Nd5 c6 27. Nc3 Rg7 28. Qd2 Rf6 29. b3 h5 30. Rf2 h4 31. Kf1 Nf8 32. c5 Rh6 33. cxd6 Rxd6 34. Qe2 Nd3 0-1

[Event "POR-ch sf"]
[Site "Amadora"]
[Date "2009.09.06"]
[Round "3"]
[White "Costa, Paulo Jorge Lopes"]
[Black "Mateus, Francisco"]
[Result "1/2-1/2"]
[WhiteElo "2150"]
[BlackElo "2014"]
[PlyCount "72"]
[EventDate "2009.09.05"]
[EventType "swiss"]
[EventRounds "9"]
[EventCountry "POR"]
[SourceTitle "EXT 2015"]
[Source "ChessBase"]
[SourceDate "2014.11.20"]
[SourceVersion "1"]
[SourceVersionDate "2014.11.20"]
[SourceQuality "1"]

1. Nf3 Nf6 2. c4 d6 3. Nc3 e5 4. d3 Nc6 5. g3 g6 6. Bg2 Bg7 7. 0-0 0-0 8. Rb1 h6 9. b4 Ne7 10. b5 Be6 11. a4 Qd7 12. Nd2 Rab8 13. Qc2 Bh3 14. Nde4 Nxe4 15. dxe4 Be6 16. Nd5 c6 17. Nxe7+ Qxe7 18. Ba3 c5 19. Rfd1 b6 20. Rd3 Rfd8 21. Rbd1 Rbc8 22. e3 Rb8 23. Bb2 f6 24. Ra3 Qf7 25. Bf1 Ra8 26. a5 Qb7 27. Rda1 Bf8 28. f3 Be7 29. Qa4 Rd7 30. axb6 Qxb6 31. Qa6 Bd8 32. Qxb6 Bxb6 33. Bc3 Rb8 34. Kf2 Kg7 35. Be2 Rbd8 36. Ba5 Kf7 1/2-1/2

[Event "POR CupT final"]
[Site "Vila Nova de Gaia"]
[Date "2009.07.19"]
[Round "2.1"]
[White "Vassallo Barroche, Mauricio"]
[Black "Mateus, Francisco"]
[Result "1-0"]
[WhiteElo "2418"]
[BlackElo "1845"]
[PlyCount "77"]
[EventDate "2009.07.18"]
[EventType "team-k.o."]
[EventRounds "8"]
[EventCountry "POR"]
[SourceTitle "EXT 2018"]
[Source "ChessBase"]
[SourceDate "2017.10.13"]
[SourceVersion "1"]
[SourceVersionDate "2017.10.13"]
[SourceQuality "1"]
[WhiteTeam "Vale de Cambra"]
[BlackTeam "Gaia"]
[WhiteTeamCountry "POR"]
[BlackTeamCountry "POR"]

1. d4 d6 2. e4 Nf6 3. Nc3 e5 4. Nf3 exd4 5. Nxd4 Be7 6. Be2 0-0 7. 0-0 Re8 8. Re1 Bf8 9. Bf1 Nc6 10. Bg5 h6 11. Bxf6 Qxf6 12. Ndb5 Qd8 13. Nd5 Re7 14. Nxe7+ Bxe7 15. Nd4 Bd7 16. c3 Bf6 17. Qd2 Nxd4 18. cxd4 c5 19. dxc5 dxc5 20. e5 Be7 21. Bc4 Bc6 22. Qf4 Be8 23. e6 f6 24. Rad1 Qb8 25. Qe4 Kh8 26. h4 Bc6 27. Bd5 Qe8 28. Bxc6 bxc6 29. Rd7 Rb8 30. h5 Rxb2 31. Qg6 Rb8 32. Qxe8+ Rxe8 33. Rxa7 Bd6 34. Ra6 Rc8 35. e7 Re8 36. Rxc6 Rxe7 37. Rxe7 Bxe7 38. Rc8+ Kh7 39. a4 1-0

[Event "POR-ch U14"]
[Site "Portugal"]
[Date "2007.??.??"]
[Round "7"]
[White "Mateus, Francisco"]
[Black "Vasques, Antonio Pedro Freix"]
[Result "0-1"]
[WhiteElo "1786"]
[BlackElo "1858"]
[PlyCount "104"]
[EventDate "2007.??.??"]
[EventType "swiss"]
[EventRounds "7"]
[EventCountry "POR"]
[SourceTitle "EXT 2010"]
[Source "ChessBase"]
[SourceDate "2010.11.25"]
[SourceVersion "1"]
[SourceVersionDate "2010.11.25"]
[SourceQuality "1"]

1. e4 e5 2. Nf3 Nc6 3. Bc4 Bc5 4. Nc3 Nf6 5. d3 h6 6. 0-0 d6 7. h3 0-0 8. Be3 Bb6 9. Bxb6 axb6 10. d4 Re8 11. Re1 Bd7 12. a3 Nh7 13. d5 Ne7 14. Qd2 Ng6 15. Rad1 Nf4 16. Ne2 g5 17. Nxf4 gxf4 18. Qd3 Kh8 19. Rd2 Rg8 20. Kh2 Ng5 21. Nxg5 Qxg5 22. Qf3 Rg7 23. Rd3 Rag8 24. Rg1 Qh4 25. Rc3 Bg4 26. Qd3 f3 27. Qf1 Bxh3 28. gxh3 Rxg1 29. Qxg1 Rxg1 30. Kxg1 Qxh3 31. Bf1 Qg4+ 32. Kh1 Qxe4 33. Rxc7 Qe1 34. Kg1 Qe4 35. Rxb7 Qxc2 36. Rxb6 Qc5 37. Rb8+ Kg7 38. b4 Qa7 39. Rd8 Qxa3 40. b5 Qc5 41. Rb8 Qa7 42. Rd8 e4 43. Rxd6 e3 44. b6 exf2+ 45. Kxf2 Qa2+ 46. Kg1 Qa3 47. Rc6 Qe3+ 48. Kh1 Qe1 49. Kg1 Qg3+ 50. Kh1 f2 51. Bg2 Qh4+ 52. Bh3 Qxh3# 0-1

[Event "Porto district-ch U12"]
[Site "Porto"]
[Date "2006.03.01"]
[Round "5"]
[White "Mateus, Francisco"]
[Black "Brandao, Igor"]
[Result "1-0"]
[WhiteElo "1748"]
[BlackElo "1157"]
[PlyCount "69"]
[EventDate "2006.02.25"]
[EventType "tourn"]
[EventRounds "5"]
[EventCountry "POR"]
[SourceTitle "EXT 2008"]
[Source "ChessBase"]
[SourceDate "2007.11.25"]
[SourceVersion "1"]
[SourceVersionDate "2007.11.25"]
[SourceQuality "1"]

1. e4 d5 2. exd5 Qxd5 3. Nc3 Qe5+ 4. Be2 e6 5. Nf3 Qd6 6. d3 Be7 7. Ne4 Qc6 8. Nc3 Bd7 9. 0-0 Nf6 10. h3 Na6 11. Ne5 Qc5 12. Nxd7 Nxd7 13. Be3 Qe5 14. d4 Qf6 15. Bf3 Nb6 16. Bxb7 Rb8 17. Bxa6 0-0 18. Ne4 Qg6 19. Bd3 h6 20. Nc5 Bxc5 21. Bxg6 fxg6 22. dxc5 Nc4 23. Bd4 Nxb2 24. Bxb2 Rxb2 25. Qd7 Rb7 26. Qxe6+ Kh7 27. Qc6 Rfb8 28. Rfe1 Kh8 29. Re8+ Rxe8 30. Qxe8+ Kh7 31. Rd1 a6 32. Rd8 Rb1+ 33. Kh2 g5 34. Qe4+ g6 35. Qe7# 1-0

[Event "Porto district-ch U12"]
[Site "Porto"]
[Date "2006.02.26"]
[Round "2"]
[White "Ferreira, Jorge Viterbo"]
[Black "Mateus, Francisco"]
[Result "1/2-1/2"]
[WhiteElo "2103"]
[BlackElo "1748"]
[PlyCount "129"]
[EventDate "2006.02.25"]
[EventType "tourn"]
[EventRounds "5"]
[EventCountry "POR"]
[SourceTitle "EXT 2008"]
[Source "ChessBase"]
[SourceDate "2007.11.25"]
[SourceVersion "1"]
[SourceVersionDate "2007.11.25"]
[SourceQuality "1"]

1. d4 d5 2. c4 c6 3. Nf3 Nf6 4. Nc3 e6 5. e3 Be7 6. Bd3 0-0 7. 0-0 Nbd7 8. Qc2 h6 9. Re1 Re8 10. b3 dxc4 11. bxc4 Qc7 12. e4 e5 13. d5 Bd6 14. h3 Nc5 15. Be3 cxd5 16. Nxd5 Nxd5 17. cxd5 Nxd3 18. Qxd3 b6 19. Rac1 Qe7 20. Qc4 Bb7 21. Bd2 Rec8 22. Qb3 Rxc1 23. Rxc1 Rc8 24. Rxc8+ Bxc8 25. Qc2 Qc7 26. Qxc7 Bxc7 27. Bb4 f6 28. Kf1 a5 29. Bc3 Bd6 30. Ke2 Ba6+ 31. Kd2 Bc4 32. a4 Bb3 33. Ne1 Bxa4 34. Nd3 Kf7 35. Kc1 Bb5 36. Kc2 Ke7 37. g3 Bd7 38. h4 g5 39. hxg5 hxg5 40. Bd2 Bh3 41. f4 gxf4 42. gxf4 Bg2 43. fxe5 fxe5 44. Bg5+ Kd7 45. Be3 Kc7 46. Nf2 Be7 47. Kd3 a4 48. Kc4 Bf1+ 49. Nd3 b5+ 50. Kc3 a3 51. Nc1 Bc4 52. Nb3 a2 53. Na1 Bd6 54. Bc1 Kb6 55. Be3+ Kc7 56. Bc1 Bc5 57. Bb2 Kd6 58. Kc2 b4 59. Nb3 Bb5 60. Nxc5 Kxc5 61. Bxe5 Bc4 62. Kb2 b3 63. Bf6 Bd3 64. Kxb3 Bxe4 65. Kxa2 1/2-1/2

[Event "Boavista-ch 3rd"]
[Site "Lisbon"]
[Date "2004.04.11"]
[Round "8"]
[White "Mateus, Francisco"]
[Black "Costa, Catarina Guerra De"]
[Result "0-1"]
[WhiteElo "1378"]
[BlackElo "1277"]
[PlyCount "102"]
[EventDate "2004.04.05"]
[EventType "swiss"]
[EventRounds "9"]
[EventCountry "POR"]
[SourceTitle "EXT 2005"]
[Source "ChessBase"]
[SourceDate "2004.11.15"]
[SourceVersion "1"]
[SourceVersionDate "2004.11.15"]
[SourceQuality "1"]

1. e4 c6 2. d4 d5 3. exd5 cxd5 4. Bd3 Nc6 5. c3 Nf6 6. Bf4 Bg4 7. f3 Bh5 8. Nd2 e6 9. Ne2 Be7 10. 0-0 Bg6 11. Nc1 Rc8 12. Qb3 Qd7 13. Re1 Bxd3 14. Nxd3 Na5 15. Qc2 Nc6 16. Re2 Nxd4 17. Qd1 Nxe2+ 18. Qxe2 0-0 19. Ne5 Qd8 20. Qf2 Bc5 21. Be3 Bxe3 22. Qxe3 Qb6 23. Qxb6 axb6 24. Rf1 Rc7 25. f4 Nd7 26. Ng4 h5 27. Ne3 Nf6 28. Rf3 Rd8 29. Rg3 d4 30. cxd4 Rxd4 31. Nf3 Rxf4 32. Rg5 Rc1+ 33. Kf2 Ne4+ 34. Ke2 Nxg5 35. Nxg5 Rd4 36. Nf3 Rd8 37. Nd2 f5 38. Nb3 Rb1 39. Nd2 Rxb2 40. Nec4 Rxa2 41. Nxb6 Rdxd2+ 42. Ke3 Rxg2 43. Kf4 Rxh2 44. Nd7 Ra5 45. Nb6 Rh4+ 46. Kg5 Rg4+ 47. Kxh5 g6+ 48. Kh6 Kf7 49. Nc8 Ra8 50. Nd6+ Kf6 51. Kh7 Rh4# 0-1